Normal view
MARC view
- Malagón Plata, Luis Alberto,
Entry Nombre Personal
001 - NUMERO DE CONTROL
- campo de control: 34234
003 - IDENTIFICADOR DE NUMERO DE CONTROL
- campo de control: UPN
005 - FECHA Y HORA DE LA ÜLTIMA TRANSACCIÓN
- campo de control: 20210219194451.0
008 - DATOS DE LONGITUD FIJA
- campo de control de longitud fija: nabaccnnaabn|||||||||| b |nc|||||d
035 ## - NUMERO DE CONTROL
- Número de control: UPN11000006341
040 ## - FUENTE DE CATALOGACIÓN
- Lenguaje de catalogación: SPA
- Agencia de transcripción: UPN
100 1# - ENCABEZAMIENTO - NOMBRE PERSONAL
- Nombre personal: Malagón Plata, Luis Alberto,
- Fechas asociadas con el nombre: 1948-
670 ## - FUENTE EN LA QUE SE LOCALIZARON DATOS
- Cita de la fuente: LC
680 ## - NOTA PUBLICA DE ACCESO PÚBLICO
- Frase explicativa de la referencia: Autor colombiano. Licenciado en Ciencias de la Educación de la Universidad Pedagógica y Tecnológica de Colombia; Maestría en Pedagogía de la UNAM; Maestría en Educación Comunitaria de la Universidad Pedagógica de Colombia; y, Candidato a Doctor en Educación de la Universidad de Costa Rica.
902 ## - CATALOGADOR
- Catalogador: MITM/081013
